| 000 | 00964nam a2200289Ia 4500 | ||
|---|---|---|---|
| 003 | OSt | ||
| 005 | 20220928131041.0 | ||
| 006 | a|||||r|||| 00| 0 | ||
| 007 | ta | ||
| 008 | 220927b |||||||| |||| 00| 0 eng d | ||
| 020 | _cINR 750.00 | ||
| 024 | _a135826 | ||
| 037 |
_b2567, 29/08/2017, The Book Seller _cTextual |
||
| 040 |
_aSDCL _cSDCL _beng |
||
| 041 |
_2eng _aeng |
||
| 082 | _aX:78:(D6,8(B)), Q2 | ||
| 100 |
_aKavanagh Michael J. Ed. _9476921 |
||
| 245 | 0 |
_aHuman resource information systems _b Basics, applications, and future directions |
|
| 250 | _a2nd | ||
| 260 |
_aNew Delhi _bSage _c2012 |
||
| 300 |
_axxiii,623p. _ccm. |
||
| 650 | _aApplied Psychology | ||
| 700 |
_a Johnson Richard D. Ed. _9466928 |
||
| 700 |
_a Thite Mohan Ed. _9459884 |
||
| 942 |
_hX:78:(D6,8(B)), Q2 _cTEXL _2CC |
||
| 999 |
_c789371 _d789371 |
||